Click The NBA Top leaders of 24-25 - Statistics

General Stats
  • This quiz has been taken 39 times
  • The average score is 2 of 8
Answers on the Grid
Answers color-coded by a green-red scale on the quiz's grid according to % correct below.
Jalen Duren
Stephen Curry
Anthony Edwards
Alperen Şengün
Jayson Tatum
Malik Beasley
Shai Gilgeous-Alexander
Nikola Jokić
Cade Cunningham
Karl-Anthony Towns
Seth Curry
Zach LaVine
Giannis Antetokounmpo
Tyrese Haliburton
Domantas Sabonis
Victor Wembanyama
Donovan Mitchell
Max Strus
LeBron James
Dyson Daniels
Evan MobleAlperen Şengüny
Ivica Zubac
Brook Lopez
Trae Young
Taurean Prince
Myles Turner
Jarrett Allen
Walker Kessler
Kevin Durant
Darius Garland
 
Answer Stats
Answer % Correct
Shai Gilgeous-Alexander
64%
Victor Wembanyama
52%
Trae Young
44%
Dyson Daniels
28%
Domantas Sabonis
24%
Evan MobleAlperen Şengüny
12%
Seth Curry
8%
Jarrett Allen
0%
No matching quizzes found
Score Distribution
Percent of People with Each Score
Percentile by Number Answered
Your Score History
You have not taken this quiz